| 000 | 02618nam a22003497a 4500 | ||
|---|---|---|---|
| 005 | 2010101908158.0 | ||
| 008 | 101019t xxu||||| |||| 00| 0 hin d | ||
| 010 | _aHIN-93910 B-472173-176 | ||
| 020 |
_c495.00 _a9789350007716 |
||
| 035 | _aHN-66256 B-472173-176 | ||
| 037 | _bDBAD / PUB | ||
| 037 | _bविर्चुअस पब्लिकेशंस | ||
| 040 |
_aDPL _bHN |
||
| 082 | _a820.8 | ||
| 100 | _923632 | ||
| 245 |
_aआलोचना का आत्मसंघर्ष _cरवि रंजन द्वारा संम्पादित _bसन्दर्भ;मैनेजर पाण्डेय का आलोचना कर्म / |
||
| 246 | _aAlochana ka Atmsangharsh | ||
| 260 |
_aनई दिल्ली _bवाणी प्रकाशन _c2011 |
||
| 270 |
_a4695, 21-ए, दरियागंज, _bनई दिल्ली _e110002 _k0091#11#23273167 _l23275710 _mvaniprakashan@gmail.com |
||
| 300 |
_a328पृ. _c22सेमी (सजिल्द) |
||
| 650 | _9657 | ||
| 650 | _934273 | ||
| 700 |
_934278 _aरवि रंजन |
||
| 700 | _934291 | ||
| 942 |
_2ddc _cHN _h820.8 _mआलोच |
||
| 999 |
_c56411 _d56411 |
||